<?xml version="1.0" encoding="UTF-8"?>
<collection xmlns="http://www.loc.gov/MARC21/slim">
 <record>
  <leader>02277naa a2200241 i 4500</leader>
  <controlfield tag="001">acta86782</controlfield>
  <controlfield tag="005">20250331134147.0</controlfield>
  <controlfield tag="008">250321s2024    hu      o     000   eng d</controlfield>
  <datafield tag="020" ind1=" " ind2=" ">
   <subfield code="a">978-963-688-029-3</subfield>
  </datafield>
  <datafield tag="022" ind1=" " ind2=" ">
   <subfield code="a">0230-2780</subfield>
  </datafield>
  <datafield tag="040" ind1=" " ind2=" ">
   <subfield code="a">SZTE Egyetemi Kiadványok Repozitórium</subfield>
   <subfield code="b">hun</subfield>
  </datafield>
  <datafield tag="041" ind1=" " ind2=" ">
   <subfield code="a">eng</subfield>
  </datafield>
  <datafield tag="100" ind1="1" ind2=" ">
   <subfield code="a">Szőnyi György Endre</subfield>
  </datafield>
  <datafield tag="245" ind1="1" ind2="4">
   <subfield code="a">The progress of esoteric fiction in relation to fantasy literature</subfield>
   <subfield code="h">[elektronikus dokumentum] /</subfield>
   <subfield code="c"> Szőnyi György Endre</subfield>
  </datafield>
  <datafield tag="260" ind1=" " ind2=" ">
   <subfield code="a">SZTE IEAS</subfield>
   <subfield code="b">Szeged</subfield>
   <subfield code="c">2024</subfield>
  </datafield>
  <datafield tag="300" ind1=" " ind2=" ">
   <subfield code="a">9-22</subfield>
  </datafield>
  <datafield tag="490" ind1="0" ind2=" ">
   <subfield code="a">Acta Universitatis Szegediensis de Attila József nominatae : papers in english and american studies</subfield>
   <subfield code="v">28</subfield>
  </datafield>
  <datafield tag="490" ind1="0" ind2=" ">
   <subfield code="a">Papers in English and American studies : Tomus XXVIII. - New Horizons in English and American Studies: Papers from the Doctoral Program</subfield>
   <subfield code="v">28</subfield>
  </datafield>
  <datafield tag="520" ind1="3" ind2=" ">
   <subfield code="a">Approximately around the end of World War 2, a new subgenre of narrative fiction emerged in world literature, championed by English speaking writers: fantasy literature. It is J.R.R. Tolkien's works, especially The Lord of the Rings (written between 1937 and 49, first published in 1954), and its Middle Earth universe that has been considered as the archetype of this kind of “epic high fantasy” model. Ever since the genre gained increasing popularity, an impressive amount of scholarly literature, theoretical works, case studies and adaptations have been devoted to its types, transformations and mutations. A common feature of fantasy novels is the abundance of esoteric motifs ranging from supernatural creatures, demons, spirits, to supernatural actions, magic, witchcraft, transmutation, and the like. In this essay I examine two relatively recent fantasy sagas, Philip Pullman’s His Dark Materials trilogy (1995-2000) and Deborah Harkness’s All Souls Trilogy (2011-14) with the twofold aim to track antecedents of the esoteric fiction tradition and to detect the signs of generic hybridization in both sagas.</subfield>
  </datafield>
  <datafield tag="650" ind1=" " ind2="4">
   <subfield code="a">Bölcsészettudományok</subfield>
  </datafield>
  <datafield tag="650" ind1=" " ind2="4">
   <subfield code="a">Nyelvek és irodalom</subfield>
  </datafield>
  <datafield tag="695" ind1=" " ind2=" ">
   <subfield code="a">Angol irodalom története - 20-21. sz., Fantasztikum - irodalmi - 20-21. sz., Világirodalom - fantasy - 20-21. sz., Fantasztikus irodalom - angol - 20-21. sz.</subfield>
  </datafield>
  <datafield tag="856" ind1="4" ind2="0">
   <subfield code="u">http://acta.bibl.u-szeged.hu/86782/1/papers_028_009-022.pdf</subfield>
   <subfield code="z">Dokumentum-elérés </subfield>
  </datafield>
 </record>
</collection>
